01214nas a2200301 4500001001300000003000900013005001700022007000300039008003400042040005400076041000900130072001300139100002200152100002000174100001700194100001900211100001500230245014200245246011600387650002000503650001600523650002200539773011700561909004000678942001800718999001900736952015700755BR2014007459BR-BrBNA20231205124739.0ta230509b bl.|||p| |||| 00| 00por d aBR-BrBNAbporcBiblioteca Nacional de Agricultura a(Pt) aL50; L741 aBelúcio, A.A.P.1 aMalheiros, R.D.1 aFurlan, R.L.1 aMoraes, V.M.B.1 aMacari, M.1 aEfeito de drogas anticoccidianas e do estresse calórico agudo sobre o equilíbrio hidroeletrolítico em frangos de corte customizados1 aEffects of anticoccidian drugs and acute heat streess on the hydroelectrolitic balance in colostomized chickens aFRANGO DE CORTE aMEDICAMENTO aCOCCIDIOSTÁTICO0 tBrazilian Journal of Poultry Science (Brazil)xISSN 1516-635Xg(May- Aug 1999), v. 1(2) p. 103-108wBR2014007459 a202311bLúciac55dLúcia Elande 2AGRISn0cANA c240689d240689 002AGRIS4071a41918b41918cPeriódicos Agrícolash(May- Aug 1999), v. 1(2) p. 103-108l0r2023-11-29t01yCRePortaria Interministerial nº 164/94